ბათუმის შოთა რუსთაველის სახელმწიფო უნივერსიტეტის ბიბლიოთეკა

Северное Причерноморье в описании Плиния Старшего / (ბიბ.ჩანაწერი № 61482)

000 -LEADER
fixed length control field 00762nam a22001817a 4500
005 - DATE AND TIME OF LATEST TRANSACTION
control field 20240319122812.0
008 - FIXED-LENGTH DATA ELEMENTS--GENERAL INFORMATION
fixed length control field 240319s1977 ru ||||| |||| 00| 0 rus d
041 ## - LANGUAGE CODE
Language code of text/sound track or separate title rus
080 ## - UNIVERSAL DECIMAL CLASSIFICATION NUMBER
Universal Decimal Classification number 94(477.75) C-45
100 ## - MAIN ENTRY--PERSONAL NAME
Personal name Скржинская, М.В.
9 (RLIN) 21465
245 ## - TITLE STATEMENT
Title Северное Причерноморье в описании Плиния Старшего /
Statement of responsibility, etc. М.В. Скржинская.
264 ## - PRODUCTION, PUBLICATION, DISTRIBUTION, MANUFACTURE, AND COPYRIGHT NOTICE
Place of production, publication, distribution, manufacture Киев :
Name of producer, publisher, distributor, manufacturer Наукова Думка,
Date of production, publication, distribution, manufacture, or copyright notice 1977.
300 ## - PHYSICAL DESCRIPTION
Extent 126 c.;
Other physical details 20 cm.
653 ## - INDEX TERM--UNCONTROLLED
keyword ჩრდილოეთ შავი ზღვის რეგიონი პლინიუს უფროსის აღწერილობაში
653 ## - INDEX TERM--UNCONTROLLED
keyword ისტორია
653 ## - INDEX TERM--UNCONTROLLED
keyword არქეოლოგია
942 ## - ADDED ENTRY ELEMENTS (KOHA)
Source of classification or shelving scheme
Koha item type წიგნი
ეგზემპლარები
Withdrawn status Lost status Source of classification or shelving scheme Damaged status Not for loan Permanent Location Current Location Shelving location Date acquired Cost, normal purchase price Full call number Barcode Date last seen Copy number Uniform Resource Identifier Price effective from Koha item type Public note
          ბათუმის შოთა რუსთაველის სახელმწიფო უნივერსიტეტის მთავარი ბიბლიოთეკა ბათუმის შოთა რუსთაველის სახელმწიფო უნივერსიტეტის მთავარი ბიბლიოთეკა წიგნსაცავი 2024-03-19 4.00 94(477.75) C-45 65767 2024-03-19 65767 ბსუ-ს საპატიო დოქტორის გურამ ლორთქიფანიძის საჩუქარი 2024-03-19 წიგნი 4 ლ.